Mots de 3 lettres par définition - Statistiques

Statistiques générales
  • Ce quiz a été pris 285 fois
  • Le résultat moyen est 12 sur 15
Statistiques - réponses
Genre Définition Mot % Correct
Nom Masculin Poil des paupières. Cil
100%
Nom Masculin Oiseau domestique, mâle de la poule. Coq
98%
Nom Masculin Habitat que les oiseaux construisent pour pondre leurs œufs, les couver et élever leurs petits. Nid
96%
Nom Masculin Invariable Un des quatre points cardinaux, celui qui est opposé au nord. Sud
94%
Nom Masculin Sommet d'un massif montagneux qui finit en pointe. Pic
85%
Nom Masculin En Grande-Bretagne et dans certains pays anglo-saxons, établissement où l'on sert des boissons alcoolisées. Pub
85%
Nom Masculin Nappe d'eau stagnante plus ou moins profonde et plus ou moins étendue, entourée de terre de tous côtés. Lac
84%
Nom Masculin Longue pièce de bois ou de métal de section généralement circulaire, dressée verticalement ou obliquement sur le pont d'un voilier, destinée à porter la voilure. Mât
83%
Nom Féminin Renouvellement partiel ou total de la peau, des poils ou des plumes d'un animal sous l'influence de la croissance, de l'âge et des conditions du milieu. Mue
83%
Nom Féminin Prescription établie par l'autorité souveraine de l'État, applicable à tous et définissant les droits et les devoirs de chacun. Loi
80%
Nom Féminin Ensemble des biens meubles ou immeubles donnés par un tiers à l'un ou l'autre des époux dans le contrat de mariage. Dot
66%
Nom Féminin Gros oiseau (anatidé) à silhouette massive, cou allongé, bec large, pattes palmées, plumage brun ou gris, herbivore, migrateur, répandu dans tout l'hémisphère Nord. Oie
65%
Nom Féminin Pièce comportant une partie filetée et une tête permettant de la faire tourner, de manière à en assurer la pénétration dans une pièce taraudée ou dans un milieu résistant. Vis
64%
Nom Masculin Surface de la terre, aménagée ou non. Sol
56%
Nom Masculin Formation cornée, à bords généralement tranchants, recouvrant les deux mâchoires de certains vertébrés n'ayant pas de dents. Bec
46%
Aucun quiz correspondant
Distribution des résultats
% des personnes avec chaque résultat
Percentile par nombre de réponses
Votre historique - résultats
Vous n’avez pas pris ce quiz